000 003340000a22001450004500
003 MACL
040 _aMACL
090 _c31365
_d31364
100 _aRichter, Jeffrey M
245 _aWindows 3.1 A Developers Guide
260 _bBPB Publications
_c1994
350 _a345
650 _aComputer Programming
942 _cBOOK
_k005.446/RIC
999 _c31050
_d31050